000 00471nam a22001817a 4500
003 OSt
005 20260319143947.0
008 260319b |||||||| |||| 00| 0 eng d
020 _a9780691255262
082 _a320.55
_bFIEL
100 _aField, Laura K.
245 _aFurious Minds: the making of the MAGA new right
260 _aNew Jersey
_bPrinceton University Press
_c2025
300 _a406p
546 _aEnglish
650 _aPolitical Science
942 _2ddc
_cBK
999 _c3969
_d3969